| 000 | 00566nam a22001817a 4500 | ||
|---|---|---|---|
| 999 |
_c478457 _d478457 |
||
| 003 | NUST | ||
| 005 | 20180531061927.0 | ||
| 008 | 180531b ||||| |||| 00| 0 eng d | ||
| 020 | _a9660232241 | ||
| 038 | _aSNS Library | ||
| 082 | _a515.35 | ||
| 100 |
_aEdit: A.M. Samoilenko _910666 |
||
| 245 |
_aSymmetry in Nonlinear Mathematical Physics _bProceedings of the Fifth International Conference _cEdit: A.M. Samoilenko |
||
| 250 | _aPart 3 | ||
| 260 |
_aUkraine _bInstitute of Mathematics of NAS Ukraine _c2004 |
||
| 300 |
_a1527 p. _bPb. |
||
| 942 |
_2ddc _cBK |
||